Central Library OPAC University of Rajshahi

Financial accountability in Nepal : (Record no. 53477)

MARC details
000 -LEADER
fixed length control field 02446nam a2200277 a 4500
001 - CONTROL NUMBER
control field 53477
003 - CONTROL NUMBER IDENTIFIER
rucl marc code BD-RjUL
005 - DATE AND TIME OF LATEST TRANSACTION
control field 20211209075952.0
008 - FIXED-LENGTH DATA ELEMENTS--GENERAL INFORMATION
fixed length control field 161016s2003 waua b i000 0 eng
020 ## - INTERNATIONAL STANDARD BOOK NUMBER
International Standard Book Number 0821354418
035 ## - SYSTEM CONTROL NUMBER
System control number (BD-RjUL)53598
040 ## - CATALOGING SOURCE
Original cataloging agency DLC
Language of cataloging eng
Transcribing agency DLC
Modifying agency BD-RjUL
041 ## - LANGUAGE CODE
Language code of text/sound track or separate title eng
082 00 - DEWEY DECIMAL CLASSIFICATION NUMBER
Classification number 657.095496
Edition number 23
Author mark and year FIN 2003
245 00 - TITLE STATEMENT
Title Financial accountability in Nepal :
Remainder of title a country assessment /
260 ## - PUBLICATION, DISTRIBUTION, ETC. (IMPRINT)
Place of publication, distribution, etc. Washington, DC :
Name of publisher, distributor, etc. World Bank,
Date of publication, distribution, etc. 2003.
300 ## - PHYSICAL DESCRIPTION
Pagination xiii, 148 p. :
Illustrations ill. ;
Size 26 cm.
504 ## - BIBLIOGRAPHY, ETC. NOTE
Bibliography, etc Includes bibliographical references.
505 0# - FORMATTED CONTENTS NOTE
Formatted contents note Ch. I. Introduction -- Ch. II. Central Government Budgeting, Financial Planning, and Cash Flow Management -- Ch. III. Central Government Accounting and Financial Reporting -- Ch. IV. Local Government Accounting and Financial Reporting -- Ch. V. Cross-Cutting Issues in Public Sector's Financial Accountability -- Ch. VI. Independent Auditing -- Ch. VII. Oversight Arrangements -- Ch. VIII. Fiduciary Risk -- Ch. IX. Private Sector Accounting and Auditing -- Ch. X. Accountability in The Financial Sector -- Ch. XI. Corporate Governance -- Ch. XII. Accountability in The Non-Governmental Organizations -- Ch. XIII. Development Action Plan and Implementation Strategy.
520 1# - SUMMARY, ETC.
Summary, etc. "Nepal has suffered from the lack of proper management of public expenditures, stagnant real revenues, large and inefficient parastatals, and a weak financial sector. Fiduciary risk remains high. His Majesty's Government of Nepal has accorded high priority to the assurance of good accountability and transparency in public sector financial management." "Reforms are now critical and should be approached in an integrated way covering planning, budgeting, accounting, internal control, internal audit, external audit, and oversight. Action in only one area of financial management will not result in the same degree of benefits. The capacity building recommended in this report's Development Action Plan is designed to introduce international accounting and auditing standards in both the public and the private sectors, and to close the gap between precept and practice. The Government has a firm commitment to implement these time-bound actions."--BOOK JACKET.
650 #0 - SUBJECT ADDED ENTRY--TOPICAL TERM
Topical term or geographic name as entry element Finance, Public
Geographic subdivision Nepal.
9 (RLIN) 159867
Topical term or geographic name as entry element Finance, Public
General subdivision Accounting
Geographic subdivision Nepal.
9 (RLIN) 159868
710 2# - ADDED ENTRY--CORPORATE NAME
Corporate name or jurisdiction name as entry element World Bank.
9 (RLIN) 159869
942 ## - ADDED ENTRY ELEMENTS (KOHA)
Source of classification or shelving scheme Dewey Decimal Classification
Koha item type Books
Holdings
Lost status Source of classification or shelving scheme Damaged status Not for loan Collection code Permanent Location Current Location Shelving location Date acquired Source of acquisition Cost, normal purchase price Total Checkouts Full call number Date last seen Copy number Koha item type
  Dewey Decimal Classification     Non-fiction Central Library, University of Rajshahi Central Library, University of Rajshahi   12/06/2007 Paragon Enterprises Dhaka 22.00   657.095496 FIN 2003 16/10/2016 C-2 Books
  Dewey Decimal Classification   Not For Loan Non-fiction Central Library, University of Rajshahi Central Library, University of Rajshahi Reading Room 12/06/2007 Dhaka,Paragon Enterprise Lit., 22.00   657.095496 FIN 2003 18/01/2017 C-1 Books